000 00457nam a2200169Ia 4500
005 20250715172948.0
008 231207s9999 xx 000 0 und d
040 _cPK-LaNCA
082 _a891.43
_bKAZ
100 _aKazmi, Latif Hussain Syed
245 0 _aPhilosophy of Iqbal : (Iqbal and existentialism)
260 _bA.P.H. Publishing
_aNew Delhi, India
_c1997
300 _a130p
546 _aEnglish
650 _aUrdu Literature
942 _cM.PHIL.
999 _c11299
_d11299